| 000 | 00559nam a2200217 a 4500 | ||
|---|---|---|---|
| 001 | BRCA_6362 | ||
| 005 | 20190320205426.0 | ||
| 008 | 140110s1961----u--#######---#000-0#eng-# | ||
| 041 | _aeng | ||
| 044 | _au | ||
| 050 | 4 |
_aPZ3 _b.S56 1961 |
|
| 100 | 1 |
_aSimcoe, Ben _915942 |
|
| 245 | 1 | 0 |
_aThe evil that men do _cby Ben Simcoe. |
| 260 |
_aEstados Unidos _bThe New American Library _c1961 |
||
| 300 |
_a191 p. _c18 cm. |
||
| 440 | 0 |
_aA Signet Book _vD2035 _915943 |
|
| 500 | _aCEF104 | ||
| 650 | 1 | 4 |
_aNovelas policĂacas _9877 |
| 902 | _aGFM | ||
| 942 |
_2lcc _cB |
||
| 999 |
_c6048 _d6048 |
||